Objetividad y verdad en el derecho / (Registro nro. 28166)

Detalles MARC
000 -LEADER
fixed length control field 00997nam a2200253Ia 4500
003 - CONTROL NUMBER IDENTIFIER
control field CO-CtgCURN
005 - DATE AND TIME OF LATEST TRANSACTION
control field 20250410210949.0
008 - FIXED-LENGTH DATA ELEMENTS--GENERAL INFORMATION
fixed length control field 190722s9999 xx 000 0 und d
020 ## - INTERNATIONAL STANDARD BOOK NUMBER
International Standard Book Number 9586165981
040 ## - CATALOGING SOURCE
Original cataloging agency CO-CtgCURN
Language of cataloging spa
Transcribing agency coctgcurn
082 ## - DEWEY DECIMAL CLASSIFICATION NUMBER
Classification number 340.11
Item number B719o
100 ## - MAIN ENTRY--PERSONAL NAME
Personal name Bonorino, Pablo Raul
Relator term autor
9 (RLIN) 8088
245 #0 - TITLE STATEMENT
Title Objetividad y verdad en el derecho /
Statement of responsibility, etc. Pablo Raúl Bonorino
260 ## - PUBLICATION, DISTRIBUTION, ETC.
Place of publication, distribution, etc. Bogotá, Colombia :
Name of publisher, distributor, etc. Universidad Externado de Colombia,
Date of publication, distribution, etc. 2002
300 ## - PHYSICAL DESCRIPTION
Extent 216 páginas ;
Dimensions 17 centímetros.
440 ## - SERIES STATEMENT/ADDED ENTRY--TITLE
Title Teoría Jurídica y Filosófica del Derecho;
Volume/sequential designation 22
9 (RLIN) 8098
505 ## - FORMATTED CONTENTS NOTE
Formatted contents note Cap.1. La filosofía de Ronald Gworkin -- Cap.2. Objetividad y verdad en el derecho -- Cap.3. ¿Respuestas correctas?.
521 ## - TARGET AUDIENCE NOTE
Target audience note AREA PROFESIONAL
590 ## - LOCAL NOTE (RLIN)
Local note Programa de Derecho_18
650 ## - SUBJECT ADDED ENTRY--TOPICAL TERM
Topical term or geographic name entry element Derecho
9 (RLIN) 8089
650 ## - SUBJECT ADDED ENTRY--TOPICAL TERM
Topical term or geographic name entry element Filosofía del derecho
9 (RLIN) 8099
942 ## - ADDED ENTRY ELEMENTS (KOHA)
Koha item type Libros
Classification part 340.11
Item part B719o
Source of classification or shelving scheme Dewey Decimal Classification
Suppress in OPAC No
Existencias
Withdrawn status Lost status Damaged status Not for loan Collection Home library Current library Shelving location Date acquired Inventory number Total checkouts Full call number Barcode Date last seen Copy number Price effective from Koha item type
          Miguel Henríquez Castañeda Barranquilla Miguel Henríquez Castañeda Barranquilla General 05/23/2018 00842   340.11 B719o 00842 07/22/2019 ej.1 07/22/2019 Libros